Statistics for State Quiz - Oklahoma

Click here to take the quiz!

General Stats

  • This quiz has been taken 5,670 times
    (1,315 since last reset)
  • The average score is 15 of 20

Answer Stats

HintAnswer% Correct
Capital and largest cityOklahoma City
99%
What type of "handle" does Oklahoma have?Panhandle
93%
What is black gold?Oil
92%
"Trail" that brought Native Americans to Oklahoma in the 1830sTrail of {Tears}
92%
Religious "belt" that Oklahoma is part of{Bible} Belt
91%
Massive drought that struck in the 1930s{Dust} Bowl
90%
Dangerous "alley" in which Oklahoma is located{Tornado} Alley
89%
Second largest cityTulsa
86%
Name one of Oklahoma's five largest Native American tribesCherokee | Choctaw | Creek |
Chickasaw | Seminole
83%
Largest wild animalAmerican Bison
80%
Steinbeck novel about the Joad familyThe Grapes of Wrath
75%
River on the border with TexasRed River
73%
Oklahoma had this kind of "rush" in 1889Land Rush
67%
Country singer who has friends in low placesGarth Brooks
60%
Mountain range in the northeastOzarks
60%
State nicknameThe {Sooner} State
60%
Nearly 1% of Oklahomans are in _____, the highest rate of any statePrison
53%
Oklahoma has an official state meal which includes fried okra, grits, and
barbecued pork. What type of pie is included in the meal?
{Pecan} Pie
48%
What part of the animal do calf fries come from?Testicles
45%
Type of carriage with "the fringe on top" in the musical "Oklahoma"Surrey
39%

Score Distribution

Percentile by Number Answered

Percent of People with Each Score

Your Score History

You have not taken this quiz since the last reset